000 00584nam a22001817a 4500
003 0
005 20260204140425.0
008 260204b xxu||||| |||| 00| 0 eng d
020 _a978-971-630-191-5
050 _aFIL 398.9
_bPh557 2015
082 _aFIL 398.9
_bPh557 2015
245 _aPhilippine proverbs
_ccompiled by Neni Sta. Romana Cruz; illustrated by Eisen V. Bernardo
260 _aMakati City :
_bTahanan Books,
_c2015.
300 _a93 pages :
_bcolored illustrations ;
_c20 cm.
546 _ain English; in Filipino
650 _aProverbs, Philippines.
942 _2ddc
_cBK
999 _c368780
_d368780